Statistics for Taylor Swift - The Alchemy (Lyrics)

Click here to take the quiz!

General Stats

  • This quiz has been taken 29 times
  • The average score is 293 of 360

Answer Stats

Answer% Correct
a
100%
an
100%
I
100%
The
100%
the
100%
to
100%
alchemy?
94%
and
94%
are
94%
But
94%
but
94%
"E"
94%
fight
94%
from
94%
He
94%
I'm
94%
in
94%
team
94%
we
94%
who
94%
with
94%
you
94%
you,
94%
your
94%
back?
88%
back
88%
come
88%
cut
88%
heroin,
88%
So
88%
so
88%
That
88%
that
88%
This
88%
this
88%
time
88%
we're
88%
when
88%
where
88%
amateurs
82%
be
82%
for
82%
if
82%
Is
82%
it's
82%
me
82%
my
82%
on
82%
one
82%
said
82%
Said
82%
touch
82%
trophy?
82%
what
82%
What
82%
Where's
82%
around
76%
Call
76%
'cause
76%
'Cause
76%
chemicals
76%
coming
76%
'em
76%
ever
76%
get
76%
happens
76%
haven't
76%
Hey
76%
hit
76%
like
76%
long
76%
once
76%
reserved
76%
sign
76%
still
76%
These
76%
told
76%
wine
76%
Baby,
71%
beat
71%
been
71%
comes
71%
cool?
71%
every
71%
few
71%
had
71%
heart
71%
Honestly,
71%
lifetimes
71%
no
71%
running
71%
streak
71%
they
71%
was
71%
white
71%
winning
71%
belong
65%
child's
65%
clowns,
65%
crown
65%
Ditch
65%
drag
65%
friends
65%
hospital
65%
jokes
65%
just
65%
off,
65%
over
65%
rule
65%
sleep
65%
We've
65%
Worst
65%
benches
59%
chance
59%
heads
59%
making
59%
play
59%
school
59%
strong
59%
"There
59%
under
59%
blokes
53%
circled
53%
comeback
53%
forgiven
53%
greatest
53%
league"
53%
map
53%
Shirt's
53%
their
53%
Touchdown
53%
up
53%
lift
47%
warm
47%
Beer
41%
floor,
41%
stickin'
41%
cheers
29%
trying
29%
chanted
24%
town
6%

Score Distribution

Percentile by Number Answered

Percent of People with Each Score

Your Score History

You have not taken this quiz